MARC details
| 000 -LEADER |
| fixed length control field |
02412cam a22004334a 4500 |
| 001 - CONTROL NUMBER |
| control field |
muse84874 |
| 003 - CONTROL NUMBER IDENTIFIER |
| control field |
MdBmJHUP |
| 005 - DATE AND TIME OF LATEST TRANSACTION |
| control field |
20210127151623.0 |
| 006 - FIXED-LENGTH DATA ELEMENTS--ADDITIONAL MATERIAL CHARACTERISTICS |
| fixed length control field |
m o d |
| 007 - PHYSICAL DESCRIPTION FIXED FIELD--GENERAL INFORMATION |
| fixed length control field |
cr||||||||nn|n |
| 008 - FIXED-LENGTH DATA ELEMENTS--GENERAL INFORMATION |
| fixed length control field |
150320s2014 mx o 00 0 spa d |
| 010 ## - LIBRARY OF CONGRESS CONTROL NUMBER |
| Canceled/invalid LC control number |
2014507678 |
| 020 ## - INTERNATIONAL STANDARD BOOK NUMBER |
| International Standard Book Number |
9786076286852 |
| 020 ## - INTERNATIONAL STANDARD BOOK NUMBER |
| Canceled/invalid ISBN |
9786074626568 |
| 035 ## - SYSTEM CONTROL NUMBER |
| System control number |
(OCoLC)1062393920 |
| 040 ## - CATALOGING SOURCE |
| Original cataloging agency |
MdBmJHUP |
| Transcribing agency |
MdBmJHUP |
| 050 04 - LIBRARY OF CONGRESS CALL NUMBER |
| Classification number |
PQ7298.26.A25 |
| Item number |
Z739 2014 |
| 245 00 - TITLE STATEMENT |
| Title |
José Emilio Pacheco |
| Remainder of title |
reescritura en movimiento / |
| Statement of responsibility, etc. |
Yvette Jimenez de Báez, editora. |
| 250 ## - EDITION STATEMENT |
| Edition statement |
Primera edición. |
| 264 #1 - PRODUCTION, PUBLICATION, DISTRIBUTION, MANUFACTURE, AND COPYRIGHT NOTICE |
| Name of producer, publisher, distributor, manufacturer |
El Colegio de Mexico, |
| 264 #3 - PRODUCTION, PUBLICATION, DISTRIBUTION, MANUFACTURE, AND COPYRIGHT NOTICE |
| Name of producer, publisher, distributor, manufacturer |
Project MUSE, |
| 300 ## - PHYSICAL DESCRIPTION |
| Extent |
1 online resource (207 pages) |
| 490 0# - SERIES STATEMENT |
| Series statement |
Serie Literatura mexicana ; |
| Volume/sequential designation |
XIV |
| 500 ## - GENERAL NOTE |
| General note |
"Centro De Estudios Lingüísticos y Literarios"--Page facing title page. |
| 504 ## - BIBLIOGRAPHY, ETC. NOTE |
| Bibliography, etc. note |
Includes bibliographical references. |
| 505 0# - FORMATTED CONTENTS NOTE |
| Formatted contents note |
Memoria del escritor : palabra "que no cesa" / Yvette Jimenez de Baez -- Jose Emilio Pacheco / Luzelena Gutierrez de Velasco -- A Jose Emilio Pacheco, siemprevivias / Yvette Jimenez de Baez -- Variaciones sobre La arena errante de Jose Emilio Pacheco : I Motivo poemario, II Del pormenor signifcativo a una visión del mundo / Yvette Jimenez de Baez -- Crónica de la fugacidad : la poesía de Jose Emilio Pacheco / Hugo J. Verani -- Jose Emilio Pacheco, poeta elegiaco / Anthony Stanton -- Aproximaciones a poetisas japonesas / Carmen Dolores Carrillo Juárez -- Morirás lejos : la inofensiva y consoladora utilidad de las narraciones / Gabriela Leal -- Jose Emilio Pacheco y el nouveau roman / Luzelena Gutierrez de Velasco -- Huellas del 68 en textos de Jose Emilio Pacheco / Edith NegrIn -- A 30 años de la publicación de Las batallas en el desierto / Yvette Jimenez de Báez. |
| 506 0# - RESTRICTIONS ON ACCESS NOTE |
| Terms governing access |
Open Access |
| Standardized terminology for access restriction |
Unrestricted online access |
| Source of term |
star |
| 588 ## - SOURCE OF DESCRIPTION NOTE |
| Source of description note |
Description based on print version record. |
| 600 11 - SUBJECT ADDED ENTRY--PERSONAL NAME |
| Personal name |
Pacheco, Jose Emilio |
| General subdivision |
Criticism and interpretation. |
| 655 #7 - INDEX TERM--GENRE/FORM |
| Genre/form data or focus term |
Electronic books. |
| Source of term |
local |
| 700 1# - ADDED ENTRY--PERSONAL NAME |
| Personal name |
Jimenez de Báez, Yvette. |
| 710 2# - ADDED ENTRY--CORPORATE NAME |
| Corporate name or jurisdiction name as entry element |
Project Muse. |
| Relator term |
distributor |
| 830 #0 - SERIES ADDED ENTRY--UNIFORM TITLE |
| Uniform title |
Book collections on Project MUSE. |
| 856 40 - ELECTRONIC LOCATION AND ACCESS |
| Public note |
Full text available: |
| Uniform Resource Identifier |
<a href="https://muse.jhu.edu/book/74613/">https://muse.jhu.edu/book/74613/</a> |